00586nab a2200193uuc4500001000800000005001700008008004100025035001200066040001300078041000800091100003800099245002500137650004400162650003800206650002200244773009700266942001000363999001900373142174120241122090421.0150921e20150615 por  a1421741 ccomduadb apor10aAccorsi, Simone4auteaut924060014aLos delirios de Pagu 7aParticipación política2lemb943472 aBrasil - Aspectos politicos97199 aModernismo9190360 tHistoria y Espacio (Cali)gNúmero 44, Febrero-Junio 2015, 75-88w533780x0120-46610127819 cARIMP c730677d730677